[Event "Barcelona Sant Marti op 05th"]
[Site "Barcelona"]
[Date "2003.06.07"]
[Round "7.39"]
[White "Melons Crespo, Yolanda"]
[Black "Leiva Ysla, Antonio"]
[Result "0-1"]
[WhiteElo "1700"]
[BlackElo "1750"]
[PlyCount "86"]
[EventDate "2003.04.26"]
[EventType "swiss"]
[EventRounds "9"]
[EventCountry "ESP"]
[SourceTitle "EXT 2004"]
[Source "ChessBase"]
[SourceDate "2003.11.25"]
[SourceVersion "1"]
[SourceVersionDate "2003.11.25"]
[SourceQuality "1"]

1. e4 c5 2. Nf3 e6 3. c4 Nc6 4. d4 cxd4 5. Nxd4 Bc5 6. Be3 Qb6 7. b3 Nxd4 8. Bd3 Ne7 9. 0-0 Ndc6 10. Bxc5 Qxc5 11. Nc3 Ne5 12. Na4 Qc7 13. Bc2 d6 14. f4 N5c6 15. Qg4 0-0 16. Qh4 f5 17. Nc3 Qb6+ 18. Kh1 Qd8 19. Rad1 Nb4 20. Bb1 fxe4 21. Nxe4 Nf5 22. Qh3 h6 23. g4 Qh4 24. Qxh4 Nxh4 25. Nxd6 Bd7 26. Nxb7 Bc6+ 27. Kg1 Bxb7 28. a3 Na6 29. Rd7 Nf3+ 30. Kf2 Rxf4 31. Kg3 Ne5 32. Rxb7 Rxf1 33. Be4 Rg1+ 34. Kf4 Ng6+ 35. Bxg6 Rf8+ 36. Ke5 Re1+ 37. Kd6 Rf6 38. Be8 e5+ 39. Ke7 Nc5 40. Rxa7 Rd1 41. Bd7 Rf7+ 42. Kd8 Nxd7 43. Ke8 Nf6# 0-1